Hackman and Oldhams Job Cgaracteristics Model Applied by Brilliant Skin Essentials in Morong Rizal (Record no. 85782)
[ view plain ]
| 000 -LEADER | |
|---|---|
| fixed length control field | 00484nam a22001457a 4500 |
| 003 - CONTROL NUMBER IDENTIFIER | |
| control field | URS |
| 005 - DATE AND TIME OF LATEST TRANSACTION | |
| control field | 20250904115928.0 |
| 008 - FIXED-LENGTH DATA ELEMENTS--GENERAL INFORMATION | |
| fixed length control field | 250904b |||||||| |||| 00| 0 eng d |
| 100 ## - MAIN ENTRY--PERSONAL NAME | |
| Personal name | Advincula, Coraleen L. | Nanzuela, Emmalyn B. | Magbuhat, Alyssa Mae DL. |
| 245 ## - TITLE STATEMENT | |
| Title | <a href="Hackman and Oldhams Job Cgaracteristics Model Applied by Brilliant Skin Essentials in Morong Rizal">Hackman and Oldhams Job Cgaracteristics Model Applied by Brilliant Skin Essentials in Morong Rizal</a> |
| 260 ## - PUBLICATION, DISTRIBUTION, ETC. (IMPRINT) | |
| Date of publication, distribution, etc | 2024 |
| 502 ## - DISSERTATION NOTE | |
| Dissertation note | Thesis |
| Degree type | BSBA HRM |
| Name of granting institution | URS |
| Year degree granted | 2024 |
| 700 ## - ADDED ENTRY--PERSONAL NAME | |
| Personal name | Billy M. Ines |
| Relator term | Adviser |
| 942 ## - ADDED ENTRY ELEMENTS (KOHA) | |
| Source of classification or shelving scheme | Library of Congress Classification |
| Koha item type | Theses and dissertations |
| Withdrawn status | Source of classification or shelving scheme | Damaged status | Not for loan | Home library | Current library | Date acquired | Total Checkouts | Barcode | Date last seen | Price effective from | Koha item type |
|---|---|---|---|---|---|---|---|---|---|---|---|
| Library of Congress Classification | Binangonan College Library | Binangonan College Library | 09/04/2025 | URSBIN-UGT3089 | 09/04/2025 | 09/04/2025 | Theses and dissertations |